| 000 | 01856nam a2200445 a 4500 | ||
|---|---|---|---|
| 001 | ebr10509036 | ||
| 003 | CaPaEBR | ||
| 006 | m u | ||
| 007 | cr cn||||||||| | ||
| 008 | 080408s2008 mau sb 001 0 eng d | ||
| 010 | _z 2008015811 | ||
| 020 | _z9781934843062 | ||
| 020 | _z1934843067 | ||
| 020 | _z9781618110336 (e-book) | ||
| 040 |
_aCaPaEBR _cCaPaEBR |
||
| 035 | _a(OCoLC)762325114 | ||
| 043 | _an-us--- | ||
| 050 | 1 | 4 |
_aE184.35 _b.R63 2008eb |
| 082 | 0 | 4 |
_a296.0973 _222 |
| 100 | 1 |
_aRobinson, Ira, _d1951- |
|
| 245 | 1 | 0 |
_aTranslating a tradition _h[electronic resource] : _bstudies in American Jewish history / _cby Ira Robinson. |
| 260 |
_aBoston : _bAcademic Studies Press, _c2008. |
||
| 300 | _axi, 327 p. | ||
| 490 | 1 | _aJudaism and Jewish life | |
| 504 | _aIncludes bibliographical references and index. | ||
| 533 |
_aElectronic reproduction. _bPalo Alto, Calif. : _cebrary, _d2013. _nAvailable via World Wide Web. _nAccess may be limited to ebrary affiliated libraries. |
||
| 600 | 1 | 0 |
_aAdler, Cyrus, _d1863-1940. |
| 650 | 0 |
_aJews _zUnited States _xHistory _y19th century. |
|
| 650 | 0 |
_aJews _zUnited States _xHistory _y20th century. |
|
| 650 | 0 |
_aJews _zUnited States _xPolitics and government _y19th century. |
|
| 650 | 0 |
_aJews _zUnited States _xPolitics and government _y20th century. |
|
| 650 | 0 |
_aJudaism _zUnited States _xHistory _y19th century. |
|
| 650 | 0 |
_aJudaism _zUnited States _xHistory _y20th century. |
|
| 650 | 0 |
_aJewish religious education _zUnited States _xHistory _y19th century. |
|
| 650 | 0 |
_aJewish religious education _zUnited States _xHistory _y20th century. |
|
| 655 | 7 |
_aElectronic books. _2local |
|
| 710 | 2 | _aebrary, Inc. | |
| 830 | 0 | _aJudaism and Jewish life. | |
| 856 | 4 | 0 |
_uhttp://site.ebrary.com/lib/rucke/Doc?id=10509036 _zAn electronic book accessible through the World Wide Web; click to view |
| 999 |
_c216980 _d216980 |
||